| 000 | 01079nam0a22002771 4500 | ||
|---|---|---|---|
| 001 | rc\1187593 | ||
| 005 | 20041129090253.6 | ||
| 035 | _a(NLR Aleph) 006428982 | ||
| 090 |
_a5528797 _c5528797 |
||
| 100 | _a20041129d1980 u |0rusy50 ca | ||
| 101 | 0 | _arus | |
| 102 | _aRU | ||
| 105 | _ay ||||||||| | ||
| 200 | 1 |
_aПрогнозирование качества продукции _fН.Н. Ухов, С.К. Михайлов, Е.И. Белякова _gПод ред. Л.С. Бляхмана |
|
| 210 |
_aЛ. _cНаука. Ленингр. отд-ние _d1980 |
||
| 215 |
_a127 с. _d20 |
||
| 300 | _aВ надзаг.: АН СССР, Ин-т соц.-экон. пробл. | ||
| 320 | _aБиблиогр.: с. 124-126 (45 назв.) | ||
| 700 | 1 |
_aУхов _bН. Н. _f1927- _gНиколай Николаевич |
|
| 701 | 1 |
_aМихайлов _bС. К. _gСергей Константинович |
|
| 701 | 1 |
_aБелякова _bЕ. И. _gЕлена Ивановна |
|
| 801 | 0 |
_aRU _bNLR _gpsbo |
|
| 801 | 1 |
_aRU _bELAR _2rusmarc |
|
| 852 |
_aNLR _j81-3/5079 |
||
| 942 | _cBOOK | ||
| 980 | _aNB | ||